Quick Pick: Songs by First Word Quiz Stats

 Plays Quiz Updated Jun 15, 2017

Support Sporcle.
Go Orange.
Score 0/13 Timer 01:30
0 Plays Today
% Correct
Just
70.9%
On
65.8%
There's
62.6%
She's
53.5%
Hey
48.2%
A
46.5%
How
44.8%
Wake
42.8%
My
37.2%
So
29.9%
Once
24.6%
Load
23.3%
The
21.8%

Today's Daily Dose

You're not logged in!

Compare scores with friends on all Sporcle quizzes.
OR
Log In
Forgot?

From the Vault

Crossword: Flattery

by BanjoZebra

Don't let this quiz flatten your ego.
Remove Ads.
Support Sporcle.
Get the best of Sporcle when you Go Orange. This ad-free experience offers more features, more stats, and more fun while also helping to support Sporcle. Thank you for becoming a member.

Show Comments

Extras

Top Quizzes Today


Score Distribution

Your Account Isn't Verified!

In order to create a playlist on Sporcle, you need to verify the email address you used during registration. Go to your Sporcle Settings to finish the process.

Report this User

Report this user for behavior that violates our Community Guidelines.

Details: